Commotion in the ocean / (Record no. 9828)

MARC details
000 -LEADER
fixed length control field 01018nam a22003017a 4500
001 - CONTROL NUMBER
control field 9828
003 - CONTROL NUMBER IDENTIFIER
control field FISKH
005 - DATE AND TIME OF LATEST TRANSACTION
control field 20260303105034.0
008 - FIXED-LENGTH DATA ELEMENTS--GENERAL INFORMATION
fixed length control field 260303b cb ||||| |||| 00| 0 eng d
020 ## - INTERNATIONAL STANDARD BOOK NUMBER
International Standard Book Number 9781408358085
040 ## - CATALOGING SOURCE
Original cataloging agency FISKH
Language of cataloging eng
Transcribing agency FISKH
Modifying agency FISKH
050 ## - LIBRARY OF CONGRESS CALL NUMBER
Classification number PR6051 .N44 .C66
082 ## - DEWEY DECIMAL CLASSIFICATION NUMBER
Classification number 821.914
100 ## - MAIN ENTRY--PERSONAL NAME
Personal name Andreae , Giles
245 ## - TITLE STATEMENT
Title Commotion in the ocean /
Statement of responsibility, etc. By Giles Anddreae : Illustrated by David Wojtowycz
250 ## - EDITION STATEMENT
Edition statement First published in 1998
260 ## - PUBLICATION, DISTRIBUTION, ETC.
Place of publication, distribution, etc. London :
Name of publisher, distributor, etc. Orchard Book ,
Date of publication, distribution, etc. 1998.
300 ## - PHYSICAL DESCRIPTION
Extent 32 unnumbered pages :
Other physical details color illustrations ;
Dimensions 30 cm .
505 ## - FORMATTED CONTENTS NOTE
Formatted contents note U <br/>
520 ## - SUMMARY, ETC.
Summary, etc. A collection of silly verses about various creatures that live in the ocean, including crabs, swordfish, whales, and polar bears.
521 8# - TARGET AUDIENCE NOTE
Target audience note 850 <br/>
Source Lexile AD <br/>
521 8# - TARGET AUDIENCE NOTE
Target audience note U <br/>
Source Raz-Plus <br/>
650 ## - SUBJECT ADDED ENTRY--TOPICAL TERM
Topical term or geographic name entry element Sea creatures
Form subdivision Children's Books
650 ## - SUBJECT ADDED ENTRY--TOPICAL TERM
Topical term or geographic name entry element Ocean animals
Form subdivision Children's Books
700 ## - ADDED ENTRY--PERSONAL NAME
Personal name Wojtowycz , David
Relator term Illustrator
942 ## - ADDED ENTRY ELEMENTS (KOHA)
Source of classification or shelving scheme Dewey Decimal Classification
Koha item type Books
Suppress in OPAC No
Holdings
Withdrawn status Lost status Source of classification or shelving scheme Damaged status Not for loan Collection Home library Current library Shelving location Date acquired Total Checkouts Full call number Barcode Date last seen Price effective from Koha item type
    Dewey Decimal Classification     Juvenile Fiction Footprints International School Library Network Toul Tom Poung Campus Footprints International School Library Network Toul Tom Poung Campus TTP Secondary Fiction Bookshelves 03/03/2026   AND 821.914 PR6051 .N44 .C66 2026-0283 03/03/2026 03/03/2026 Books